000 00717nam a2200241Ia 4500
003 OSt
005 20220925203458.0
006 a|||||r|||| 00| 0
007 ta
008 220923b |||||||| |||| 00| 0 eng d
037 _cGeneral Book
040 _aRTL
_cRTL
_beng
041 _2eng
_aeng
082 _aX:89K33.73.N7, L3
100 _aCameron Gordon C Ed.
_9266192
245 0 _aCities, regions and public policy
260 _aEdinburgh
_bOliver and Boyd
_c1973
300 _axxii, 337p.
_ccm.
650 _aRegional Economics
700 _a Wingo Lowlon Ed.
_9266193
942 _hX:89K33.73.N7, L3
_cGB
_2CC
999 _c546641
_d546641